Normal view
MARC view
Entry Topical Term
001 - CONTROL NUMBER
- control field: 11366
003 - CONTROL NUMBER IDENTIFIER
- control field: BD-RjUL
005 - DATE AND TIME OF LATEST TRANSACTION
- control field: 20240201153454.0
008 - FIXED-LENGTH DATA ELEMENTS
- fixed length control field: 240201|| aca||aabn | a|a d
040 ## - CATALOGING SOURCE
- Original cataloging agency: BD-RjUL
- Transcribing agency: BD-RjUL
150 ## - HEADING--TOPICAL TERM
- Topical term or geographic name entry element: waves
- Form subdivision: Classical mechanics
670 ## - SOURCE DATA FOUND
- Source citation: Work cat.: (BD-RjUL)82913: Alam, Mohammad. Shah 11365, Interaction phenomena of nonlinear waves in unmagnetized plasmas /, 2019